000 00425pab a2200169 454500
008 180718b2006 xxu||||| |||| 00| 0 eng d
100 _aPick, David
245 _aThe re-framing of Australian higher education
260 _c2006
300 _ap.229-41.
362 _aJul
650 _aHigher education - Australia
650 _aHigher education
773 _aHigher Education Quarterly
908 _aN
909 _a74095
999 _c74095
_d74095